[Event "DVM U14 2020"]
[Site "Willingen GER"]
[Date "2021.06.24"]
[Round "1"]
[White "Hoffmann, Alexander"]
[Black "Helmbrecht, Paul"]
[Result "1/2-1/2"]
[Termination "normal"]
[Board "9.2"]
[WhiteElo "1554"]
[BlackElo "1531"]
[WhiteTeam "Karlsruher SF 1853"]
[BlackTeam "FC Ergolding 1932 e.V."]
[PlyCount "71"]
[WhiteFideId "16240219"]
[BlackFideId "16270932"]
[EventCountry "GER"]
[EventRounds "7"]
[EventType "team-swiss"]
[EventDate "2021.06.23"]

1. e4 e5 2. Nc3 Nc6 3. d3 Bb4 4. f4 d5 5. Bd2 exf4 6. Nf3 Bxc3 7. Bxc3 d4 8.
Bd2 g5 9. c3 g4 10. Ng1 Qh4+ 11. Ke2 Qf6 12. Qc1 f3+ 13. gxf3 gxf3+ 14. Nxf3
Bg4 15. Bg2 Ne5 16. Rf1 Qa6 17. Qc2 O-O-O 18. c4 Ne7 19. Rf2 f5 20. Ke1 Nxf3+
21. Bxf3 Bxf3 22. Rxf3 fxe4 23. dxe4 Qe6 24. Kf2 d3 25. Rxd3 Rxd3 26. Qxd3 Rd8
27. Qc2 Qe5 28. Kg2 Rg8+ 29. Kh1 Qh5 30. Qd1 Qg6 31. Qf3 Nc6 32. Qf5+ Qxf5 33.
exf5 Kd7 34. Rg1 Rxg1+ 35. Kxg1 Nd4 36. Kf2 1/2-1/2

[Event "DVM U14 2020"]
[Site "Willingen GER"]
[Date "2021.06.24"]
[Round "1"]
[White "Lichtinger, Simon"]
[Black "Kiefhaber, Julius"]
[Result "1-0"]
[Termination "normal"]
[Board "9.3"]
[WhiteElo "1401"]
[BlackElo "1465"]
[WhiteTeam "FC Ergolding 1932 e.V."]
[BlackTeam "Karlsruher SF 1853"]
[PlyCount "77"]
[WhiteFideId "16230442"]
[BlackFideId "16245121"]
[EventCountry "GER"]
[EventRounds "7"]
[EventType "team-swiss"]
[EventDate "2021.06.23"]

1. Nf3 c5 2. g3 Nc6 3. Bg2 g6 4. e4 Bg7 5. O-O d6 6. d3 Bd7 7. Nc3 Nf6 8. Be3
Qc8 9. Qc1 Ng4 10. Bf4 O-O 11. Nd2 Nd4 12. Nb3 b5 13. Nxd4 Bxd4 14. Nd5 Re8 15.
Bg5 f6 16. Bd2 f5 17. Bg5 Qd8 18. exf5 Bxf5 19. Nxe7+ Rxe7 20. Bxe7 Qxe7 21.
Bxa8 Qf6 22. c3 Bxd3 23. cxd4 Bxf1 24. Qxf1 Qxd4 25. h3 Ne5 26. Qxb5 Nd3 27.
Qe8+ Kg7 28. Qe7+ Kg8 29. Qe3 Qxb2 30. Rd1 c4 31. Bd5+ Kg7 32. Bxc4 Ne5 33.
Qxa7+ Kh6 34. Qe3+ Kg7 35. Rxd6 Nxc4 36. Qe7+ Kh6 37. Qh4+ Kg7 38. Rd7+ Kf8 39.
Qd8# 1-0

[Event "DVM U14 2020"]
[Site "Willingen GER"]
[Date "2021.06.24"]
[Round "1"]
[White "Liu, Leon"]
[Black "Huber, Laura"]
[Result "1-0"]
[Termination "normal"]
[Board "9.4"]
[WhiteElo "1230"]
[BlackElo "1249"]
[WhiteTeam "Karlsruher SF 1853"]
[BlackTeam "FC Ergolding 1932 e.V."]
[PlyCount "85"]
[WhiteFideId "16275047"]
[BlackFideId "16270940"]
[EventCountry "GER"]
[EventRounds "7"]
[EventType "team-swiss"]
[EventDate "2021.06.23"]

1. e4 e5 2. Nf3 Nc6 3. Nc3 Bc5 4. Nxe5 Nxe5 5. d4 Bd6 6. dxe5 Bxe5 7. Bc4 Qf6
8. Nd5 Qg6 9. O-O c6 10. Nf4 Qh6 11. Nh5 Qg6 12. Bf4 Bxb2 13. Rb1 Ba3 14. Qd4
Kf8 15. Be5 f6 16. Bd6+ Bxd6 17. Qxd6+ Ke8 18. Nf4 Qg5 19. Rbd1 Qe5 20. Qxe5+
fxe5 21. Nh5 Kf8 22. f4 d5 23. fxe5+ Ke7 24. Be2 g6 25. Nf6 dxe4 26. Nxe4 Bf5
27. Nd6 Bxc2 28. Rd2 Bf5 29. g4 Be6 30. Bc4 Nh6 31. Bxe6 Kxe6 32. g5 Ng4 33.
Re2 Nxe5 34. Nc4 Kd5 35. Nxe5 Rhe8 36. Rd1+ Kc5 37. Rc2+ Kb5 38. Rb1+ Ka6 39.
Rc5 Re6 40. Nd3 b6 41. Rc3 Rd6 42. Nc5+ Ka5 43. Ra3# 1-0

[Event "DVM U14 2020"]
[Site "Willingen GER"]
[Date "2021.06.24"]
[Round "1"]
[White "Yin, Haode"]
[Black "Neumüller, Tim"]
[Result "1-0"]
[Termination "normal"]
[Board "10.1"]
[WhiteElo "1759"]
[BlackElo "1519"]
[WhiteTeam "SchachAkademiePaderborn e. V."]
[BlackTeam "SV Weingarten"]
[PlyCount "63"]
[WhiteFideId "16261348"]
[BlackFideId "16299167"]
[EventCountry "GER"]
[EventRounds "7"]
[EventType "team-swiss"]
[EventDate "2021.06.23"]

1. Nf3 Nf6 2. d4 d5 3. c4 c6 4. g3 g6 5. Bg2 Bg7 6. O-O O-O 7. b3 Bg4 8. Bb2
Re8 9. Nc3 Nbd7 10. Ne5 Be6 11. cxd5 Nxd5 12. Nxd5 Nxe5 13. Nf4 Ng4 14. Nxe6
fxe6 15. Bh3 Nf6 16. Bxe6+ Kh8 17. Qc2 Qd6 18. Bh3 Rad8 19. Rad1 Nd5 20. a3 Nf6
21. e4 Qc7 22. Rfe1 h5 23. e5 Ng4 24. Qxg6 Rf8 25. Qxh5+ Nh6 26. Bc1 e6 27.
Bxh6 Bxh6 28. Qxh6+ Kg8 29. Bxe6+ Rf7 30. Qg6+ Kh8 31. Bxf7 Rf8 32. Qh6# 1-0

[Event "DVM U14 2020"]
[Site "Willingen GER"]
[Date "2021.06.24"]
[Round "1"]
[White "Kern, Dominik"]
[Black "Rohm, Linus"]
[Result "0-1"]
[Termination "normal"]
[Board "10.2"]
[WhiteElo "1349"]
[BlackElo "1581"]
[WhiteTeam "SV Weingarten"]
[BlackTeam "SchachAkademiePaderborn e. V."]
[PlyCount "50"]
[WhiteFideId "34605894"]
[BlackFideId "16298217"]
[EventCountry "GER"]
[EventRounds "7"]
[EventType "team-swiss"]
[EventDate "2021.06.23"]

1. e4 e6 2. d4 d5 3. exd5 exd5 4. c4 c6 5. Nc3 Nf6 6. Bg5 Bb4 7. Qb3 Bxc3+ 8.
bxc3 dxc4 9. Bxc4 O-O 10. Nf3 b5 11. Bd3 Re8+ 12. Ne5 Be6 13. Qc2 h6 14. Bh4
Nbd7 15. Nxc6 Bb3+ 16. Kd2 Bxc2 17. Nxd8 Bxd3 18. Nxf7 Bc4 19. Nd6 Re2+ 20. Kd1
Ne4 21. Nxc4 Nxc3+ 22. Kc1 bxc4 23. a4 Rb8 24. Bg3 Rbb2 25. a5 Rbc2# 0-1

[Event "DVM U14 2020"]
[Site "Willingen GER"]
[Date "2021.06.24"]
[Round "1"]
[White "Brinkschröder, Josh"]
[Black "Dick, Fabian"]
[Result "1-0"]
[Termination "normal"]
[Board "10.3"]
[WhiteElo "1568"]
[BlackElo "1220"]
[WhiteTeam "SchachAkademiePaderborn e. V."]
[BlackTeam "SV Weingarten"]
[PlyCount "77"]
[WhiteFideId "16274903"]
[BlackFideId "34605886"]
[EventCountry "GER"]
[EventRounds "7"]
[EventType "team-swiss"]
[EventDate "2021.06.23"]

1. d4 d6 2. Bf4 Nf6 3. e3 Nc6 4. c3 Bg4 5. Be2 Qd7 6. Nd2 Bf5 7. Ngf3 e6 8. h3
Be7 9. Nh4 Be4 10. Nhf3 Nh5 11. Nxe4 Nxf4 12. exf4 d5 13. Nc5 Bxc5 14. dxc5 Ne7
15. Qb3 c6 16. Rd1 Qc7 17. O-O Rb8 18. g3 f5 19. c4 h6 20. Qc3 Rg8 21. Qe5 Kd7
22. Qxc7+ Kxc7 23. Ne5 g5 24. fxg5 Rxg5 25. Rfe1 f4 26. Nf3 Rg7 27. g4 Rf8 28.
Nd4 Kd7 29. Bd3 Rf6 30. f3 h5 31. Re5 hxg4 32. hxg4 Rh6 33. Rde1 Nf5 34. Bxf5
Rh4 35. Nxe6 Rg8 36. Nf8+ Kc7 37. Re7+ Kb8 38. Re8+ Kc7 39. R1e7# 1-0

[Event "DVM U14 2020"]
[Site "Willingen GER"]
[Date "2021.06.24"]
[Round "1"]
[White "Bork, Miron"]
[Black "Gering, Jakob"]
[Result "0-1"]
[Termination "normal"]
[Board "10.4"]
[WhiteElo "1113"]
[BlackElo "1313"]
[WhiteTeam "SV Weingarten"]
[BlackTeam "SchachAkademiePaderborn e. V."]
[PlyCount "102"]
[WhiteFideId "34605878"]
[BlackFideId "16298225"]
[EventCountry "GER"]
[EventRounds "7"]
[EventType "team-swiss"]
[EventDate "2021.06.23"]

1. e4 e6 2. c4 d5 3. cxd5 exd5 4. exd5 Nf6 5. Nc3 Nbd7 6. d4 Nb6 7. Nf3 Bb4 8.
g3 O-O 9. a3 Re8+ 10. Be3 Bxc3+ 11. bxc3 Nbxd5 12. Qd2 Ne4 13. Qc2 Nexc3 14.
Bc4 Nxe3 15. fxe3 Nd5 16. Bxd5 Qxd5 17. Kf2 c6 18. Rhe1 Bf5 19. Qa2 Be4 20.
Qxd5 Bxd5 21. Re2 Re6 22. Rae1 Rae8 23. Ne5 f6 24. e4 Bb3 25. Nf3 R6e7 26. Nd2
Bf7 27. Nf3 Bh5 28. h3 Bxf3 29. Kxf3 Rd8 30. e5 Rxd4 31. exf6 Rd3+ 32. Kf2
Rxe2+ 33. Rxe2 gxf6 34. Re7 Rb3 35. h4 c5 36. Rc7 Rxa3 37. Rxc5 b6 38. Rc6 Kf7
39. g4 b5 40. h5 h6 41. Rc7+ Ke6 42. Rh7 b4 43. Rxh6 b3 44. g5 b2 45. Rxf6+ Ke5
46. h6 b1=Q 47. h7 Qb2+ 48. Kg1 Ra1+ 49. Rf1 Rxf1+ 50. Kxf1 Kf5 51. h8=Q Qxh8
0-1